Statistiken für Gemeinden des Kantons Jura

Klicken Sie hier um das Quiz zu spielen!

Allgemein

  • Dieses Quiz wurde 248 mal gespielt
  • Das Durchschnittsergebnis liegt bei 24 aus 53

Antworten auf der Karte

Die Antworten werden auf der Karte rot bzw. grün angezeigt, abhängig davon wie oft sie richtig erraten wurden.
 

Antwortstatistiken

EinwohnerGemeinde% Korrekt
12'566Delsberg
97%
6'563Pruntrut
85%
2'632Saignelégier
68%
1'883Le Noirmont
64%
1'232Les Bois
58%
648Bure
56%
1'533Les Breuleux
56%
1'902Alle
55%
99La Chaux-
des-Breuleux
51%
1'263Clos du Doubs
50%
3'552Courrendlin
50%
2'653Courtételle
50%
504Les Genevez
50%
3'205Val Terbi
50%
7'071Haute-Sorne
49%
494Muriaux
49%
119Ederswiler
48%
1'085Haute-Ajoie
48%
322Le Bémont
48%
1'217Boncourt
47%
182Lugnez
47%
483Châtillon
46%
583Montfaucon
46%
123Soubey
46%
672Lajoux
45%
437Courchapoix
44%
2'379Courgenay
43%
3'298Courroux
43%
1'381Develier
43%
652Bonfol
42%
269Saulcy
42%
149Les Enfers
40%
523Mervelier
40%
434Movelier
40%
674Rossemaison
40%
221Saint-Brais
40%
349Fahy
39%
352Pleigne
39%
559Vendlincourt
39%
925Boécourt
36%
388Grandfontaine
36%
105Mettembert
34%
431Soyhières
34%
303Courchavon
33%
1'238Basse-Allaine
32%
772Courtedoux
32%
179Damphreux
32%
1'043Cornol
31%
1'696Fontenais
31%
721Coeuve
30%
117Beurnevésin
28%
261Bourrignon
28%
1'142La Baroche
26%

Verteilung der Resultate

Perzentil nach korrekt beantworteten Fragen

Anzahl Personen mit jedem Resultat

Ihre Resultats-Entwicklung

Sie haben dieses Quiz noch nicht gespielt